Kertas Kerja Seminar Pengajaran Bahasa Melayu

Bibliographic Details
Corporate Authors: Seminar Pengajaran Bahasa Melayu (1992 : Pulau Pinang), Universiti Sains Malaysia
Format: Book
Subjects:

MARC

LEADER 00000cam a2200000 7i4500
001 0000028821
005 20061022093000.0
008 021119n
090 0 0 |a PL5102   |b .S636 
110 1 |a Seminar Pengajaran Bahasa Melayu (1992 : Pulau Pinang) 
245 0 0 |a Kertas Kerja Seminar Pengajaran Bahasa Melayu   |c Universiti Sains Malaysia 
300 |a 1j pelbagai mukasurat ;   |c 30 cm. 
650 0 |a Malay language   |x Study and teaching   |x Congresses 
710 1 1 |a Universiti Sains Malaysia 
999 |a 1000048052   |b Seminar Papers   |c Reference   |e Gong Badak Campus